| 000 | 00856nam a22002657a 4500 | ||
|---|---|---|---|
| 003 | 0 | ||
| 005 | 20180724143730.0 | ||
| 008 | 0 | ||
| 010 | _aB-110393 | ||
| 020 |
_c00.00 _a8180380076 |
||
| 035 | _aB-110393, B-110394 | ||
| 037 | _bCen Lib/Ret | ||
| 040 |
_aDPL _bEN _c0 |
||
| 082 |
_a346.016 _bJOG |
||
| 245 |
_aMR Achar & T Venkanna's Dowry and the law : _cedited by S V Joga Rao _bsubstantive, procedure and evidentiary principles / |
||
| 250 | _a4th ed | ||
| 260 |
_bNew Delhi _aLexis Nexis _c2002 |
||
| 270 |
_bNew Delhi _a14th Floor, Vijaya Building, 17 Barakhamba Road, Connaught Place _e110001 |
||
| 300 |
_axIix,440p. _c22cm(Hb) |
||
| 500 | _aIncludes bibliographic references and index | ||
| 650 |
_aMarriage law _915655 |
||
| 650 |
_aDowry _915656 |
||
| 700 |
_aRao, S V Joga _915657 |
||
| 942 |
_2ddc _cEN _h346.016 _mJOG |
||
| 999 |
_c125833 _d125833 |
||